| 000 | 00531nam a2200193Ia 4500 | ||
|---|---|---|---|
| 999 |
_c7464 _d7464 |
||
| 008 | 200103s 1961 ||||xx |||||||||||||| ||und|| | ||
| 082 |
_a620.1 _bMOR |
||
| 100 | _aMorley, Arthur | ||
| 245 | 0 | _aElementary applied mechanics | |
| 250 | _a3rd | ||
| 260 |
_bLongmans _c1961 _aCalcutta |
||
| 300 | _aviii, 382 p.: ill. | ||
| 504 | _aIncludes index | ||
| 650 | _aFriction and lubrication | ||
| 650 | _aElastic law | ||
| 650 | _aStrength and stiffness of materials | ||
| 700 |
_aInchley, William _eCo-author |
||
| 942 | _cBK | ||